<?xml version="1.0" encoding="UTF-8"?>
<collection xmlns="http://www.loc.gov/MARC21/slim">
 <record>
  <leader>00905cam a2200265 a 4500</leader>
  <controlfield tag="001">13268090</controlfield>
  <controlfield tag="003">BD-DhAAL</controlfield>
  <controlfield tag="005">20130725111259.0</controlfield>
  <controlfield tag="008">130725s2002    bg       b    001 0 eng  </controlfield>
  <datafield tag="010" ind1=" " ind2=" ">
   <subfield code="a">  2003307917</subfield>
  </datafield>
  <datafield tag="020" ind1=" " ind2=" ">
   <subfield code="a">9844372895</subfield>
  </datafield>
  <datafield tag="040" ind1=" " ind2=" ">
   <subfield code="a">DLC</subfield>
   <subfield code="c">DLC</subfield>
   <subfield code="d">BD-DhAAL</subfield>
  </datafield>
  <datafield tag="050" ind1="0" ind2="0">
   <subfield code="a">PN5449.B26</subfield>
   <subfield code="b">M35 2002</subfield>
  </datafield>
  <datafield tag="082" ind1=" " ind2=" ">
   <subfield code="2">22</subfield>
   <subfield code="a">079.54920904</subfield>
  </datafield>
  <datafield tag="100" ind1="0" ind2=" ">
   <subfield code="a">Māhaphuja Ullāha.</subfield>
   <subfield code="9">2315</subfield>
  </datafield>
  <datafield tag="245" ind1="1" ind2="0">
   <subfield code="a">Press under Mujib regime /</subfield>
   <subfield code="c">Mahfuz Ullah.</subfield>
  </datafield>
  <datafield tag="260" ind1=" " ind2=" ">
   <subfield code="a">Dhaka :</subfield>
   <subfield code="b">Kakali Prokashani,</subfield>
   <subfield code="c">2002.</subfield>
  </datafield>
  <datafield tag="300" ind1=" " ind2=" ">
   <subfield code="a">236 p. ;</subfield>
   <subfield code="c">22 cm.</subfield>
  </datafield>
  <datafield tag="504" ind1=" " ind2=" ">
   <subfield code="a">Includes bibliographical references and index.</subfield>
  </datafield>
  <datafield tag="541" ind1=" " ind2=" ">
   <subfield code="e">27271</subfield>
  </datafield>
  <datafield tag="650" ind1=" " ind2=" ">
   <subfield code="a">Press</subfield>
   <subfield code="x">History</subfield>
   <subfield code="y">20th century.</subfield>
   <subfield code="z">Bangladesh</subfield>
   <subfield code="9">2316</subfield>
  </datafield>
  <datafield tag="887" ind1=" " ind2=" ">
   <subfield code="2">Ayesha Abed Library</subfield>
  </datafield>
  <datafield tag="942" ind1=" " ind2=" ">
   <subfield code="2">ddc</subfield>
   <subfield code="c">BK</subfield>
  </datafield>
  <datafield tag="999" ind1=" " ind2=" ">
   <subfield code="c">13713</subfield>
   <subfield code="d">13713</subfield>
  </datafield>
  <datafield tag="952" ind1=" " ind2=" ">
   <subfield code="0">0</subfield>
   <subfield code="1">0</subfield>
   <subfield code="2">ddc</subfield>
   <subfield code="4">0</subfield>
   <subfield code="6">079_549209040000000_MAH</subfield>
   <subfield code="7">0</subfield>
   <subfield code="9">22955</subfield>
   <subfield code="a">IGS</subfield>
   <subfield code="b">IGS</subfield>
   <subfield code="c">GEN</subfield>
   <subfield code="d">2013-07-25</subfield>
   <subfield code="e">Paragon</subfield>
   <subfield code="g">254.00</subfield>
   <subfield code="l">0</subfield>
   <subfield code="o">079.54920904 MAH</subfield>
   <subfield code="p">3010027271</subfield>
   <subfield code="r">2013-07-25</subfield>
   <subfield code="t">1</subfield>
   <subfield code="w">2013-07-25</subfield>
   <subfield code="y">BK</subfield>
  </datafield>
 </record>
</collection>
